000 004710000a22001810004500
003 MACL
005 20150830144623.0
008 150830b xxu||||| |||| 00| 0 eng d
040 _aMACL
_cMACL
041 _aEnglish
082 _a796
100 _aThani, Lokesh
_97970
245 _aThe complete Book of the Olympics
_bAthens 18961̜992
260 _bMetropolitan Book Co
_c1993
_aNew Delhi
350 _a250
650 _aAtheletic Outdoor
_97971
942 _cBK
_k796
_2ddc
999 _c4691
_d4691